[Event "Bergen Chess International"]
[Site "Bergen NOR"]
[Date "2001.08.06"]
[EventDate "2001.08.04"]
[Round "3"]
[Result "1-0"]
[White "Berge Ostenstad"]
[Black "Hans Krogh Harestad"]
[WhiteElo "2439"]
[BlackElo "2196"]
[PlyCount "56"]

1. g3 e5 2. c4 Nc6 3. Bg2 Nf6 4. Nc3 Bc5 5. Nf3 O-O 6. O-O d6
7. d3 h6 8. a3 a6 9. b4 Bb6 10. Bb2 Bg4 11. e3 Qd7 12. Qc2 Qf5
13. Nh4 Qd7 14. Rfe1 Nh7 15. Nd5 Ba7 16. b5 Nd8 17. bxa6 bxa6
18. Nxc7 Qxc7 19. Bxa8 Nc6 20. Bxc6 Qxc6 21. f4 g5 22. Ng2
gxf4 23. gxf4 exf4 24. Nxf4 Bf3 25. Kf2 Ng5 26. h4 f6 27. hxg5
fxg5 28. Qc3 Kf7 1-0

[Event "Bergen Chess International"]
[Site "Bergen NOR"]
[Date "2001.08.06"]
[EventDate "2001.08.04"]
[Round "3"]
[Result "1-0"]
[White "Terje Karlsen"]
[Black "Daniel Hersvik"]
[WhiteElo "2068"]
[BlackElo "2241"]
[PlyCount "87"]

1. e4 c5 2. c3 e6 3. d4 d5 4. exd5 exd5 5. Nf3 Bf5 6. Bb5+ Bd7
7. Bxd7+ Nxd7 8. O-O Ngf6 9. Re1+ Be7 10. Qe2 Ne4 11. dxc5 O-O
12. b4 Bf6 13. Bb2 a5 14. a3 Re8 15. Qc2 Ne5 16. Nbd2 Nxd2
17. Nxd2 Bg5 18. Nf1 Nc4 19. Rad1 Qd7 20. Bc1 Rxe1 21. Rxe1
Bxc1 22. Qxc1 axb4 23. axb4 d4 24. cxd4 Qxd4 25. Rd1 Qe4
26. Nd2 Nxd2 27. Qxd2 g6 28. h3 h5 29. Qc3 Qe8 30. Rd6 Kh7
31. Qe3 Qb5 32. Qf3 Qc4 33. Qf6 Kh6 34. Rb6 Qd5 35. h4 Qe4
36. Qg5+ Kg7 37. Qf6+ Kg8 38. Kh2 Rc8 39. g3 Ra8 40. Qb2 Re8
41. Rd6 Qc4 42. Qd4 Qf1 43. Rd7 g5 44. Qf6 1-0

[Event "Bergen Chess International"]
[Site "Bergen NOR"]
[Date "2001.08.06"]
[EventDate "2001.08.04"]
[Round "3"]
[Result "1-0"]
[White "Paal Vegard Hagesaether"]
[Black "Dominika Gorczyca"]
[WhiteElo "2250"]
[BlackElo "2069"]
[PlyCount "63"]

1. c4 Nf6 2. g3 e6 3. Nf3 d5 4. b3 Nbd7 5. Bb2 b6 6. Bg2 Bb7
7. O-O Be7 8. d4 O-O 9. cxd5 exd5 10. Nc3 Re8 11. Rc1 Bb4
12. Ne5 Bxc3 13. Bxc3 Ne4 14. Bb2 Nxe5 15. dxe5 c5 16. e3 Qg5
17. Re1 Qh6 18. f3 Ng5 19. h4 Ne6 20. f4 Qg6 21. g4 Nf8 22. h5
Qe6 23. f5 Qd7 24. Qf3 Rab8 25. Qf4 Red8 26. Red1 Qe7 27. Rd2
c4 28. Bd4 cxb3 29. axb3 Qb4 30. Rdc2 Qxb3 31. e6 Qa3 32. Rc7
1-0

[Event "Bergen Chess International"]
[Site "Bergen NOR"]
[Date "2001.08.06"]
[EventDate "2001.08.04"]
[Round "3"]
[Result "0-1"]
[White "Leif Erlend Johannessen"]
[Black "Carl Fredrik Ekeberg"]
[WhiteElo "2426"]
[BlackElo "2117"]
[PlyCount "72"]

1. d4 Nf6 2. c4 g6 3. g3 Bg7 4. Bg2 d5 5. cxd5 Nxd5 6. e4 Nb6
7. Ne2 O-O 8. O-O e5 9. d5 f5 10. exf5 gxf5 11. Qb3 Kh8
12. Rd1 a5 13. a4 Na6 14. Be3 Nd7 15. Na3 f4 16. gxf4 Qh4
17. f5 Nf6 18. Qc4 e4 19. Bf4 Bxf5 20. Bg3 Qh6 21. Nd4 Bg4
22. Re1 Rad8 23. Re3 Nb4 24. Ne6 Nbxd5 25. Nxf8 Nxe3 26. fxe3
Qxe3+ 27. Bf2 Qg5 28. Qxc7 Rxf8 29. Nc4 Nd5 30. Qg3 Nf4
31. Bf1 Nh5 32. Qg2 Nf4 33. Qg3 Qh5 34. Rc1 Be2 35. Be3 Bxf1
36. Bxf4 Bxc4 0-1

[Event "Bergen Chess International"]
[Site "Bergen NOR"]
[Date "2001.08.07"]
[EventDate "2001.08.04"]
[Round "4"]
[Result "0-1"]
[White "Daniel Hersvik"]
[Black "Ole Johan Valaker"]
[WhiteElo "2241"]
[BlackElo "2134"]
[PlyCount "76"]

1. e4 c6 2. d4 d5 3. e5 Bf5 4. Nc3 e6 5. g4 Bg6 6. Nge2 c5
7. h4 h5 8. Nf4 Bh7 9. Nxh5 Nc6 10. Bb5 Qb6 11. Be3 O-O-O
12. Bxc6 bxc6 13. Na4 Qa5+ 14. c3 cxd4 15. b4 Qb5 16. Bxd4 Rd7
17. Bc5 Nh6 18. Bxf8 Rxf8 19. Nc5 Rdd8 20. Qd4 Be4 21. a4 Qb8
22. Rg1 Bf3 23. Nd3 Qb6 24. Qf4 Be4 25. Nc5 a5 26. Nxe4 dxe4
27. Nxg7 Rd3 28. Qxh6 Rf3 29. Qd2 e3 30. fxe3 Rd8 31. Qxd8+
Kxd8 32. O-O-O+ Ke7 33. Rd4 axb4 34. cxb4 c5 35. Rd2 cxb4
36. Rd4 Qc5+ 37. Kb1 b3 38. Rc1 Rf1 0-1

[Event "Bergen Chess International"]
[Site "Bergen NOR"]
[Date "2001.08.07"]
[EventDate "2001.08.04"]
[Round "4"]
[Result "1-0"]
[White "Roy Harald Fyllingen"]
[Black "Jan Vidar Vestly"]
[WhiteElo "2389"]
[BlackElo "2109"]
[PlyCount "49"]

1. d4 Nf6 2. Nf3 c5 3. d5 e6 4. Nc3 b5 5. Bg5 Qa5 6. Bxf6 gxf6
7. e3 Bg7 8. Bxb5 f5 9. Qd3 Na6 10. O-O Rb8 11. dxe6 fxe6
12. Rad1 O-O 13. Bxd7 Rd8 14. Bxc8 Rxd3 15. Bxe6+ Kf8 16. Rxd3
Rxb2 17. Ne2 Rxc2 18. Nf4 Bb2 19. Rd7 Rc1 20. Rxc1 Bxc1
21. Rxh7 Bb2 22. Rxa7 Qb6 23. Ng6+ Ke8 24. Re7+ Kd8 25. Ng5
1-0

[Event "Bergen Chess International"]
[Site "Bergen NOR"]
[Date "2001.08.07"]
[EventDate "2001.08.04"]
[Round "4"]
[Result "1/2-1/2"]
[White "Einar J Gausel"]
[Black "Emanuel Berg"]
[WhiteElo "2520"]
[BlackElo "2496"]
[PlyCount "97"]

1. Nf3 e6 2. c4 Nf6 3. g3 d5 4. b3 c5 5. Bg2 Nc6 6. O-O Be7
7. cxd5 Nxd5 8. Bb2 O-O 9. Nc3 Bf6 10. Qc2 Nxc3 11. Bxc3 Bxc3
12. Qxc3 Qd6 13. Rac1 b6 14. d4 Nxd4 15. Nxd4 cxd4 16. Qc7
Qxc7 17. Rxc7 Rb8 18. Rxa7 e5 19. f4 Bg4 20. Rf2 exf4 21. Rxf4
Bxe2 22. Rxd4 g5 23. h4 gxh4 24. Rxh4 Rfd8 25. Be4 Bd3 26. Kh2
Bxe4 27. Rxe4 Ra8 28. Rxa8 Rxa8 29. a4 Rd8 30. Re5 Kg7 31. Kh3
Kf6 32. Rb5 Rd6 33. Kg4 Ke7 34. Kh5 Kd7 35. g4 Ke7 36. Re5+
Kf6 37. Rf5+ Ke7 38. Kg5 Rd4 39. Rb5 Rd6 40. b4 Kd7 41. Kh5
Ke7 42. Re5+ Kf6 43. Rf5+ Ke7 44. g5 Rd4 45. Rb5 Rd6 46. a5
bxa5 47. bxa5 f6 48. Rb6 fxg5 49. Rxd6 1/2-1/2

[Event "Bergen Chess International"]
[Site "Bergen NOR"]
[Date "2001.08.07"]
[EventDate "2001.08.04"]
[Round "4"]
[Result "1-0"]
[White "Philip Landgren"]
[Black "Stig Gabrielsen"]
[WhiteElo "2193"]
[BlackElo "2280"]
[PlyCount "41"]

1. d4 d6 2. Nf3 g6 3. c4 Bg7 4. e4 Nd7 5. Nc3 e5 6. Be2 Ne7
7. h4 h5 8. Bg5 f6 9. Be3 Bh6 10. Bxh6 Rxh6 11. Qd2 Rh8
12. Rd1 exd4 13. Nxd4 Nc5 14. b4 Ne6 15. Nxe6 Bxe6 16. c5 Nc8
17. O-O Qe7 18. Rfe1 Kf7 19. Nd5 Bxd5 20. Qxd5+ Kg7 21. Qxb7
1-0

[Event "Bergen Chess International"]
[Site "Bergen NOR"]
[Date "2001.08.07"]
[EventDate "2001.08.04"]
[Round "4"]
[Result "1-0"]
[White "Stellan Brynell"]
[Black "Jon Eriksson"]
[WhiteElo "2486"]
[BlackElo "2245"]
[PlyCount "46"]

1. e4 g6 2. d4 Bg7 3. Nf3 d6 4. Be2 Nd7 5. O-O a6 6. c4 c5
7. Nc3 cxd4 8. Nxd4 Ngf6 9. Be3 Nc5 10. f3 h5 11. Qd2 h4
12. Rfd1 Nh5 13. Rac1 Nd7 14. b4 e5 15. Nb3 Nf4 16. Bf1 Bh6
17. c5 Qg5 18. Nd5 dxc5 19. Bxf4 exf4 20. Nc7+ Kf8 21. Nxa8
Ne5 22. Qd8+ Kg7 23. Qxg5 Bxg5 1-0

[Event "Bergen Chess International"]
[Site "Bergen NOR"]
[Date "2001.08.07"]
[EventDate "2001.08.04"]
[Round "4"]
[Result "1-0"]
[White "Frederic Crapis"]
[Black "Bjorn Haveland"]
[WhiteElo "2030"]
[BlackElo "2145"]
[PlyCount "53"]

1. d4 Nf6 2. c4 g6 3. Nc3 d5 4. Nf3 Bg7 5. Bf4 O-O 6. e3 c6
7. Qb3 e6 8. c5 Nbd7 9. Bd6 Re8 10. Qa4 b5 11. Bxb5 cxb5
12. Nxb5 Bf8 13. Bc7 Qe7 14. Nd6 Rd8 15. Qa5 Re8 16. O-O Ne4
17. Nxe8 Qxe8 18. b4 a6 19. b5 Ndf6 20. b6 Bb7 21. Rfc1 Ng4
22. Rab1 f6 23. c6 Bxc6 24. b7 Bxb7 25. Rxb7 Ngxf2 26. Bg3 Ng4
27. Qc7 1-0

[Event "Bergen Chess International"]
[Site "Bergen NOR"]
[Date "2001.08.07"]
[EventDate "2001.08.04"]
[Round "4"]
[Result "0-1"]
[White "Carl Fredrik Ekeberg"]
[Black "Aleksei Holmsten"]
[WhiteElo "2117"]
[BlackElo "2436"]
[PlyCount "88"]

1. c4 Nf6 2. Nf3 g6 3. Nc3 Bg7 4. e4 c5 5. d4 cxd4 6. Nxd4 Nc6
7. Be3 Ng4 8. Qxg4 Nxd4 9. Qd1 Ne6 10. Be2 Qa5 11. Qd2 b6
12. O-O Bb7 13. Rfd1 d6 14. Rac1 Bxc3 15. Rxc3 Bxe4 16. Bh6 g5
17. Bg4 Rg8 18. Qe1 Qe5 19. Re3 f5 20. Bh5+ Kd7 21. f3 g4
22. fxe4 f4 23. Rd5 Qf6 24. Bxf4 Qxf4 25. Rf5 Qh6 26. e5 d5
27. cxd5 Nd4 28. e6+ Kd8 29. Rf2 Qxh5 30. Re5 Qe8 31. Qe4 Qa4
32. b3 Nf3+ 33. gxf3 gxf3+ 34. Kf1 Qb5+ 35. Qc4 Rc8 36. Rc2
Rxc4 37. Rxc4 Qa5 38. Rc2 Qa6+ 39. Kf2 Qd3 40. d6 Rg2+ 41. Ke1
Rg1+ 42. Kf2 Rg2+ 43. Ke1 Qxc2 44. dxe7+ Kxe7 0-1

[Event "Bergen Chess International"]
[Site "Bergen NOR"]
[Date "2001.08.07"]
[EventDate "2001.08.04"]
[Round "4"]
[Result "0-1"]
[White "Detlef Pluemer"]
[Black "Leif Erlend Johannessen"]
[WhiteElo "2168"]
[BlackElo "2426"]
[PlyCount "70"]

1. d4 e6 2. e4 d5 3. Nd2 Nf6 4. e5 Nfd7 5. Bd3 c5 6. c3 Nc6
7. Ne2 cxd4 8. cxd4 f6 9. exf6 Qxf6 10. Nf3 h6 11. O-O Bd6
12. Nc3 O-O 13. a3 Rd8 14. Be3 Nf8 15. Rc1 Bd7 16. Na4 Be8
17. Nc5 Rab8 18. b4 b6 19. Nb3 Ne7 20. Nbd2 Nfg6 21. Re1 Nf5
22. g3 Bd7 23. Qe2 a5 24. Bb5 axb4 25. Bxd7 Rxd7 26. Qb5 Qe7
27. axb4 Bxb4 28. Rc6 Rd6 29. Rc2 Ba5 30. Rec1 Rdd8 31. Nb3
Qf6 32. Qe2 Bb4 33. Kg2 Nd6 34. h4 Qf5 35. Bd2 Ba3 0-1

[Event "Bergen Chess International"]
[Site "Bergen NOR"]
[Date "2001.08.07"]
[EventDate "2001.08.04"]
[Round "4"]
[Result "0-1"]
[White "John Arni Nilssen"]
[Black "Evgenij Romanovich Agrest"]
[WhiteElo "2333"]
[BlackElo "2529"]
[PlyCount "134"]

1. d4 d6 2. e4 Nf6 3. f3 d5 4. e5 Ng8 5. Be3 Bf5 6. g4 Bd7
7. Nc3 e6 8. Qd2 c5 9. dxc5 Nc6 10. O-O-O Nxe5 11. Re1 Nc6
12. Bf4 Bxc5 13. Nxd5 Rc8 14. Kb1 Nge7 15. Nxe7 Nxe7 16. Be3
Bxe3 17. Rxe3 Ba4 18. Qxd8+ Rxd8 19. Bd3 Bc6 20. Nh3 Nd5
21. Ree1 O-O 22. a3 h6 23. Rhf1 Nf6 24. Nf4 Rfe8 25. Ne2 g6
26. Nc3 Kg7 27. h3 Re7 28. Re3 Rde8 29. Rfe1 g5 30. R1e2 Kf8
31. Rh2 Nd5 32. Nxd5 exd5 33. Rxe7 Rxe7 34. h4 Re1+ 35. Ka2
Re3 36. hxg5 hxg5 37. Rf2 Ke7 38. f4 gxf4 39. Rxf4 Bd7 40. Rd4
Kd6 41. c4 Bxg4 42. Rxg4 Rxd3 43. cxd5 Rxd5 44. Kb3 Rc5
45. Rd4+ Ke6 46. Re4+ Re5 47. Rh4 Rb5+ 48. Kc3 Ke5 49. b4 Rd5
50. Rh5+ Ke6 51. Rh1 f6 52. Re1+ Re5 53. Rh1 Re3+ 54. Kb2 Rd3
55. Re1+ Kf7 56. Rh1 Rd7 57. Rf1 Rd5 58. a4 f5 59. Kc3 Kf6
60. Rh1 Rd7 61. Rf1 Kg5 62. Rg1+ Kh4 63. Rf1 Kg4 64. Rg1+ Kh3
65. Rf1 Rf7 66. Kd3 Kg2 67. Rf4 Kg3 0-1

[Event "Bergen Chess International"]
[Site "Bergen NOR"]
[Date "2001.08.07"]
[EventDate "2001.08.04"]
[Round "4"]
[Result "1-0"]
[White "Vladimir Georgiev"]
[Black "Rune Djurhuus"]
[WhiteElo "2584"]
[BlackElo "2474"]
[PlyCount "75"]

1. d4 Nf6 2. c4 c5 3. d5 b5 4. Nf3 a6 5. Qc2 d6 6. e4 g6
7. cxb5 Bg7 8. Nc3 O-O 9. a4 e6 10. dxe6 Bxe6 11. Be2 axb5
12. Bxb5 Na6 13. O-O Nb4 14. Qe2 d5 15. exd5 Nfxd5 16. Nxd5
Qxd5 17. Be3 Rfc8 18. Rac1 c4 19. Ng5 Nd3 20. Nxe6 Nxc1
21. Rxc1 Qxe6 22. Bxc4 Qe7 23. Qc2 Be5 24. b3 Rd8 25. g3 Bd4
26. Bxd4 Rxd4 27. Qc3 Rad8 28. Qf3 R8d7 29. h4 h5 30. Kf1 Qb4
31. Bb5 Qd2 32. Rc8+ Rd8 33. Rxd8+ Rxd8 34. Bc4 Rd7 35. Qf6
Qc2 36. Kg2 Qe4+ 37. Qf3 Qe1 38. Qc6 1-0

[Event "Bergen Chess International"]
[Site "Bergen NOR"]
[Date "2001.08.07"]
[EventDate "2001.08.04"]
[Round "4"]
[Result "1-0"]
[White "Sverre Heim"]
[Black "Rune Myhrvold"]
[WhiteElo "2371"]
[BlackElo "2248"]
[PlyCount "69"]

1. e4 Nc6 2. Nc3 e5 3. Nf3 Nf6 4. Bb5 Bc5 5. O-O O-O 6. d3 d6
7. Be3 Bb6 8. h3 h6 9. Ne2 Ne7 10. Ng3 c6 11. Ba4 Ng6 12. Qd2
Bxe3 13. fxe3 d5 14. exd5 Nxd5 15. Bb3 Kh7 16. c4 Nf6 17. d4
e4 18. Ne1 Qe7 19. Bc2 Re8 20. Rd1 b5 21. cxb5 cxb5 22. Nf5
Qe6 23. Bb3 Nd5 24. Rc1 Bb7 25. Qa5 Qd7 26. g4 Nge7 27. Ng2 g6
28. Ng3 f5 29. gxf5 gxf5 30. Nxf5 Nxf5 31. Bxd5 Qxd5 32. Rc5
Qd8 33. Qxd8 Rexd8 34. Rfxf5 Bc8 35. Rf7+ 1-0

[Event "Bergen Chess International"]
[Site "Bergen NOR"]
[Date "2001.08.07"]
[EventDate "2001.08.04"]
[Round "4"]
[Result "1-0"]
[White "Bosse Lindberg"]
[Black "Fredrik Andersson"]
[WhiteElo "2248"]
[BlackElo "2173"]
[PlyCount "81"]

1. c4 e5 2. Nc3 Nf6 3. Nf3 Nc6 4. g3 Bb4 5. Bg2 O-O 6. O-O Re8
7. Nd5 Bc5 8. d3 Nxd5 9. cxd5 Nd4 10. Nd2 d6 11. e3 Nf5
12. Nc4 Bd7 13. Bd2 Qe7 14. b4 Bb6 15. a4 c6 16. a5 Bc7 17. a6
bxa6 18. Rxa6 Bc8 19. Ra2 Qd8 20. Na5 cxd5 21. Bxd5 Be6
22. Bxa8 Bxa2 23. Bc6 Rf8 24. Qa4 Be6 25. Nb7 Qb8 26. Ra1 Bb6
27. b5 Bc8 28. Na5 Ne7 29. Bg2 Be6 30. Bb4 Bd5 31. Bxd5 Nxd5
32. Nc6 Qc7 33. Ba5 Qd7 34. Bxb6 axb6 35. Qc4 Nf6 36. Ra7 Qh3
37. Ne7+ Kh8 38. Qxf7 Nd7 39. Rxd7 Ra8 40. Ng6+ hxg6 41. Qxg7+
1-0

[Event "Bergen Chess International"]
[Site "Bergen NOR"]
[Date "2001.08.07"]
[EventDate "2001.08.04"]
[Round "4"]
[Result "1-0"]
[White "Pontus Carlsson"]
[Black "Linus Olsson"]
[WhiteElo "2330"]
[BlackElo "2196"]
[PlyCount "63"]

1. e4 c5 2. Nf3 d6 3. Bb5+ Nd7 4. d4 Ngf6 5. Nc3 a6 6. Bxd7+
Nxd7 7. O-O cxd4 8. Qxd4 e6 9. Bg5 f6 10. Be3 Qc7 11. Nd2 Ne5
12. f4 Ng4 13. Nb3 g5 14. fxg5 Nxe3 15. Qxe3 fxg5 16. Qxg5 Qg7
17. Qa5 Rg8 18. Rf2 Be7 19. Nb5 b6 20. Nc7+ Kd7 21. Qxb6 Bd8
22. Rd1 Bxc7 23. Nc5+ Ke8 24. Qc6+ Kd8 25. Rxd6+ Bxd6
26. Qxd6+ Ke8 27. Qc6+ Kd8 28. Qxa8 Qg4 29. Rd2+ Ke7 30. Qa7+
Kf6 31. Rf2+ Ke5 32. Nd3+ 1-0

[Event "Bergen Chess International"]
[Site "Bergen NOR"]
[Date "2001.08.07"]
[EventDate "2001.08.04"]
[Round "4"]
[Result "1-0"]
[White "Torbjorn Ringdal Hansen"]
[Black "Arn Tore Haugsdal"]
[WhiteElo "2244"]
[BlackElo "2144"]
[PlyCount "43"]

1. c4 e5 2. Nc3 Nf6 3. Nf3 Nc6 4. e3 Be7 5. a3 d5 6. cxd5 Nxd5
7. Qc2 Be6 8. d3 h5 9. b4 a6 10. Bb2 h4 11. h3 Rh6 12. Ne4
Ncxb4 13. axb4 Bxb4+ 14. Ned2 a5 15. Nxe5 Qg5 16. Nef3 Qg6
17. Rg1 Ra6 18. g4 Rc6 19. Qa4 Bd7 20. Ne5 Qf6 21. Qd1 Rc3
22. Nxd7 1-0

[Event "Bergen Chess International"]
[Site "Bergen NOR"]
[Date "2001.08.07"]
[EventDate "2001.08.04"]
[Round "4"]
[Result "1/2-1/2"]
[White "Harald Borchgrevink"]
[Black "Svein Johannessen"]
[WhiteElo "2163"]
[BlackElo "2269"]
[PlyCount "34"]

1. d4 d5 2. Nf3 Nf6 3. c4 dxc4 4. e3 Bg4 5. h3 Bh5 6. Bxc4 a6
7. Nc3 e6 8. g4 Bg6 9. Ne5 Nbd7 10. Nxg6 hxg6 11. Bf1 c6
12. Bg2 Qc7 13. Bd2 Nd5 14. Nxd5 exd5 15. Qb3 Be7 16. Ke2 Qb6
17. Qxb6 Nxb6 1/2-1/2

[Event "Bergen Chess International"]
[Site "Bergen NOR"]
[Date "2001.08.07"]
[EventDate "2001.08.04"]
[Round "4"]
[Result "1-0"]
[White "Ragnar Edvardsen"]
[Black "Edmund Soh"]
[WhiteElo "2023"]
[BlackElo "2104"]
[PlyCount "91"]

1. e4 g6 2. d4 Bg7 3. f4 d6 4. Nf3 Nf6 5. Nc3 c5 6. d5 O-O
7. Be2 e6 8. O-O exd5 9. exd5 Bg4 10. h3 Bxf3 11. Bxf3 Nbd7
12. Be3 Re8 13. Bf2 Qa5 14. Qd3 a6 15. a4 Rab8 16. g4 h6
17. Kh1 Qb4 18. Bg3 Qd4 19. Rad1 Qxd3 20. Rxd3 b5 21. axb5
axb5 22. g5 Nh5 23. Bxh5 gxh5 24. h4 b4 25. Nd1 Re2 26. Ne3
hxg5 27. hxg5 Bxb2 28. Re1 Rxe1+ 29. Bxe1 Bc1 30. Bd2 Bxd2
31. Rxd2 Nb6 32. Nf5 Nc4 33. Rh2 Re8 34. Rxh5 Re1+ 35. Kg2
Re2+ 36. Kg3 Rxc2 37. Nh6+ Kg7 38. Ng4 b3 39. Nf6 b2 40. Ne8+
Kg8 41. Nf6+ Kg7 42. f5 Rg2+ 43. Kxg2 Ne3+ 44. Kf3 Nxf5
45. Rh1 c4 46. Ne4 1-0

[Event "Bergen Chess International"]
[Site "Bergen NOR"]
[Date "2001.08.07"]
[EventDate "2001.08.04"]
[Round "4"]
[Result "1/2-1/2"]
[White "Olli Salmensuu"]
[Black "Kristian Trygstad"]
[WhiteElo "2431"]
[BlackElo "2323"]
[PlyCount "120"]

1. e4 c5 2. Nf3 e6 3. Qe2 Nc6 4. g3 Nge7 5. h4 d5 6. d3 dxe4
7. dxe4 Nd4 8. Qd1 Nxf3+ 9. Qxf3 Nc6 10. Bg2 Bd7 11. c3 Ne5
12. Qe2 Bc6 13. O-O Qd3 14. Qh5 Nc4 15. b3 g6 16. Qd1 Qxd1
17. Rxd1 Ne5 18. f4 Ng4 19. e5 Bxg2 20. Kxg2 Rd8 21. Rxd8+
Kxd8 22. Kf3 h5 23. Nd2 Be7 24. Ne4 Kc7 25. Ba3 b6 26. Rd1 Rd8
27. Rxd8 Kxd8 28. c4 Kc7 29. Ke2 f5 30. exf6 Bxf6 31. Nxf6
Nxf6 32. Bb2 Ng4 33. Be5+ Kc6 34. Kf3 a6 35. Bc3 Kd6 36. Bg7
Ke7 37. Ke4 Nf2+ 38. Ke3 Ng4+ 39. Kf3 Nh2+ 40. Ke4 Nf1 41. Ke5
Ne3 42. Bf6+ Kd7 43. Ke4 Ng4 44. Be5 Nh6 45. Bf6 Ng4 46. Bg5
Nf2+ 47. Ke3 Ng4+ 48. Ke2 Ke8 49. Kd3 Kd7 50. Ke4 Nf2+ 51. Kf3
Ng4 52. a3 Nh2+ 53. Ke2 Ng4 54. Kd2 a5 55. Ke2 Ke8 56. a4 Kd7
57. Kf3 Ke8 58. Ke4 Kd7 59. Kf3 Ke8 60. Ke4 Kd7 1/2-1/2

[Event "Bergen Chess International"]
[Site "Bergen NOR"]
[Date "2001.08.07"]
[EventDate "2001.08.04"]
[Round "4"]
[Result "1-0"]
[White "Nikola Mitkov"]
[Black "Magne Sagafos"]
[WhiteElo "2547"]
[BlackElo "2208"]
[PlyCount "159"]

1. e4 Nf6 2. e5 Nd5 3. c4 Nb6 4. d4 d6 5. exd6 cxd6 6. Nc3 g6
7. Be3 Bg7 8. Rc1 O-O 9. b3 e5 10. dxe5 dxe5 11. Qxd8 Rxd8
12. c5 N6d7 13. Bc4 Nc6 14. Nf3 h6 15. Ne4 Nf8 16. Nd6 Rd7
17. O-O Re7 18. Nxc8 Rxc8 19. Rfd1 Ne6 20. Nd2 Ncd4 21. b4 Kh7
22. f3 f5 23. Bf1 Nc7 24. Bc4 Bf6 25. Re1 Rd8 26. Bxd4 Rxd4
27. Nb3 Rd8 28. Na5 Ne8 29. c6 b6 30. Nb3 Nc7 31. b5 Kg7
32. Rcd1 Ree8 33. Kf1 Kf8 34. a4 Rxd1 35. Rxd1 Rd8 36. Rc1 Ke7
37. Ke2 Rd6 38. g4 fxg4 39. fxg4 Bg5 40. Rc3 Bf4 41. h3 e4
42. Rc2 Kf6 43. Ra2 Kg5 44. Kf2 Rd1 45. Ra1 Rxa1 46. Nxa1 Be5
47. Nc2 Kf4 48. Bf7 g5 49. Ke2 Bc3 50. Ne3 Bb4 51. Bg6 Bc5
52. Nf5 Bf8 53. Bf7 Na8 54. Bb3 Nc7 55. Ne3 Bc5 56. Nf1 Ba3
57. Kf2 Bb4 58. Bf7 Bc3 59. Ke2 Bb4 60. Ne3 Bc5 61. Nf5 Bf8
62. Bg6 Ne6 63. Kf2 Nc7 64. Ng3 e3+ 65. Kg2 Bc5 66. Ne2+ Ke5
67. Kf3 a6 68. Bd3 axb5 69. axb5 Kd5 70. Ng3 Bd6 71. Nf5 Bf4
72. Nxh6 Kc5 73. h4 Nxb5 74. Bxb5 Kxb5 75. hxg5 Kxc6 76. Nf7
e2 77. Kxe2 Bc1 78. g6 Kd5 79. g7 Bb2 80. g8=Q 1-0

[Event "Bergen Chess International"]
[Site "Bergen NOR"]
[Date "2001.08.07"]
[EventDate "2001.08.04"]
[Round "4"]
[Result "0-1"]
[White "Thomas Johansson"]
[Black "Joanna Dworakowska"]
[WhiteElo "2250"]
[BlackElo "2350"]
[PlyCount "86"]

1. e4 c5 2. Nf3 d6 3. d4 cxd4 4. Nxd4 Nf6 5. Nc3 a6 6. Be3 e5
7. Nb3 Be6 8. Qd2 Be7 9. f3 O-O 10. O-O-O Nbd7 11. g4 Qc7
12. g5 Nh5 13. Kb1 b5 14. Ne2 Rfc8 15. Ng3 Nf4 16. h4 d5
17. Bxf4 exf4 18. exd5 fxg3 19. dxe6 Nb6 20. exf7+ Kxf7
21. Bh3 Rd8 22. Qe3 Kg8 23. Rhe1 Rxd1+ 24. Rxd1 Kh8 25. Re1
Bd6 26. Qe8+ Bf8 27. Qe4 Rd8 28. g6 Nc4 29. Qf5 Qd6 30. Qh5 h6
31. a3 Qf6 32. c3 Bxa3 33. Nd4 Bxb2 34. Re6 Qf8 35. Nc6 Rd1+
36. Kc2 Rd2+ 37. Kb1 Rd1+ 38. Kc2 Rd2+ 39. Kb1 Na3+ 40. Ka2
Bc1+ 41. Ka1 Bb2+ 42. Ka2 Bxc3+ 43. Kb3 Nb1 0-1

[Event "Bergen Chess International"]
[Site "Bergen NOR"]
[Date "2001.08.07"]
[EventDate "2001.08.04"]
[Round "4"]
[Result "1-0"]
[White "Bjorn Erik Glenne"]
[Black "Kjetil Stokke"]
[WhiteElo "2223"]
[BlackElo "2016"]
[PlyCount "79"]

1. d4 Nf6 2. c4 c5 3. d5 b5 4. cxb5 a6 5. b6 e6 6. Nc3 Bb7
7. e4 exd5 8. exd5 d6 9. Nh3 Nbd7 10. Be2 Be7 11. O-O O-O
12. a4 Nxb6 13. Bf3 a5 14. Re1 Nfd7 15. Be4 Bf6 16. Nb5 Nc8
17. Ra3 g6 18. Nf4 Ne5 19. Rh3 Na7 20. Nxa7 Rxa7 21. Nd3 Re8
22. Nxe5 Bxe5 23. Rxh7 Bxd5 24. Bxg6 fxg6 25. Rxa7 Bf7 26. Re3
Qb6 27. Rxf7 Kxf7 28. Qd5+ Kg7 29. Rb3 Qd8 30. Rb7+ Re7
31. Bg5 Bf6 32. Bxf6+ Kxf6 33. f4 Kg7 34. Qg5 Kf7 35. f5 gxf5
36. Qxf5+ Kg7 37. Qg5+ Kf7 38. h4 Qe8 39. Qd5+ Kg7 40. Qe6 1-0

[Event "Bergen Chess International"]
[Site "Bergen NOR"]
[Date "2001.08.07"]
[EventDate "2001.08.04"]
[Round "4"]
[Result "1-0"]
[White "Geir Sune Tallaksen Ostmoe"]
[Black "Stig K Martinsen"]
[WhiteElo "2239"]
[BlackElo "2076"]
[PlyCount "82"]

1. d4 e6 2. c4 f5 3. Nc3 Nf6 4. Nf3 Bb4 5. Qb3 a5 6. g3 b6
7. Bg2 Bb7 8. O-O O-O 9. Bf4 Bxc3 10. Qxc3 Be4 11. Rfd1 Re8
12. a3 Nc6 13. b3 Ne7 14. Bc1 Ng6 15. Bb2 d6 16. Bh3 Qd7
17. Nd2 Bb7 18. f3 Qf7 19. e3 Bc8 20. Qd3 Ne7 21. b4 Qh5
22. Bg2 Bb7 23. b5 Rad8 24. Qc2 Qh6 25. Re1 Nd7 26. Rad1 Rf8
27. Nb3 e5 28. c5 Nf6 29. cxd6 cxd6 30. dxe5 Nfd5 31. f4 dxe5
32. Bxe5 Qe6 33. Nd4 Qg6 34. Rc1 Rc8 35. Qd3 Rc5 36. Nb3 Rcc8
37. Qd4 h5 38. Qd2 Rcd8 39. Qb2 Nf6 40. Bxb7 h4 41. Qg2 Rd3
1-0

[Event "Bergen Chess International"]
[Site "Bergen NOR"]
[Date "2001.08.07"]
[EventDate "2001.08.04"]
[Round "4"]
[Result "1-0"]
[White "Tatjana Georgieva Plachkinova"]
[Black "Preben Andersen"]
[WhiteElo "2190"]
[BlackElo "2041"]
[PlyCount "81"]

1. d4 Nf6 2. c4 c5 3. d5 b5 4. cxb5 a6 5. b6 Qxb6 6. Nc3 g6
7. e4 d6 8. a4 a5 9. Bb5+ Bd7 10. Nf3 Bg7 11. O-O O-O 12. Nd2
Na6 13. Nc4 Qd8 14. f4 Bg4 15. Qd2 Nb4 16. Bc6 Nxc6 17. dxc6
Ra6 18. e5 Ne8 19. Nd5 Be6 20. Ra3 Bxd5 21. Qxd5 Nc7 22. Qd2
Ne6 23. f5 Nd4 24. c7 Qxc7 25. f6 exf6 26. exf6 Bxf6 27. Rxf6
Qe7 28. Rf1 f5 29. Re1 Qf7 30. Ne3 f4 31. Nc2 f3 32. Kh1 fxg2+
33. Qxg2 Nf5 34. Rh3 Rb6 35. Ne3 Nxe3 36. Rhxe3 Rb3 37. Re7
Qf5 38. Bh6 Rfb8 39. Re8+ Kf7 40. R1e7+ Kf6 41. Bg7+ 1-0

[Event "Bergen Chess International"]
[Site "Bergen NOR"]
[Date "2001.08.07"]
[EventDate "2001.08.04"]
[Round "4"]
[Result "1-0"]
[White "Davit Lobzhanidze"]
[Black "Andreas Bachmann"]
[WhiteElo "2501"]
[BlackElo "2303"]
[PlyCount "97"]

1. e4 c6 2. d4 d5 3. Nd2 dxe4 4. Nxe4 Bf5 5. Ng3 Bg6 6. h4 h6
7. Nf3 Nd7 8. h5 Bh7 9. Bd3 Bxd3 10. Qxd3 e6 11. Bf4 Qa5+
12. Bd2 Qc7 13. O-O-O Ngf6 14. Ne4 Nxe4 15. Qxe4 Nf6 16. Qe2
O-O-O 17. g3 Bd6 18. Rh4 Rhe8 19. Ne5 Qe7 20. c4 Nd7 21. Nxd7
Rxd7 22. Rg4 f5 23. Rg6 e5 24. Bc3 Bb4 25. dxe5 Bxc3 26. Rxd7
Bxb2+ 27. Qxb2 Qxd7 28. Rd6 Qc7 29. f4 Qa5 30. Rd2 Rd8
31. Rxd8+ Qxd8 32. Qd2 Qe7 33. Qd3 Qb4 34. Qxf5+ Kc7 35. Qd3
Qe1+ 36. Kc2 Qf2+ 37. Kb3 Qb6+ 38. Kc2 Qf2+ 39. Kd1 Qg1+
40. Ke2 Qh2+ 41. Kf3 Qxh5+ 42. Kg2 Qe8 43. Qd6+ Kc8 44. e6 Qd8
45. c5 Qxd6 46. cxd6 c5 47. Kf3 c4 48. Ke4 Kd8 49. a4 1-0